000 00420nam a2200181Ia 4500
005 20251020182549.0
008 200515s9999 xx 000 0 und d
082 _a985/R32/2
100 _aREBAZA ACOSTA, Alfredo
245 0 _aHistoria del Perú y del Mundo : 2do año de secundaria
260 _aLima
260 _c1976
300 _a223
650 _aHISTORIA
650 _aLIB
650 _aPERU
942 _cLIB
999 _c2657
_d2657